[Event "22nd Hampstead: Under 2200"]
[Site "London, England"]
[Date "2014.10.26"]
[Round "5"]
[White "Xu, David"]
[Black "Barasi, Paul DI"]
[Result "1-0"]
[WhiteElo "1537"]
[BlackElo "1865"]

1. Nf3 Nc6 2. g3 d5 3. d4 Bg4 4. Bg2 e6 5. O-O Nf6 6. b3 Be7 7. Bb2 h5 8. Nbd2
Bf5 9. c4 Ne4 10. a3 h4 11. Nxe4 Bxe4 12. Nd2 Bxg2 13. Kxg2 dxc4 14. Nxc4 Qd5+
15. Kg1 O-O-O 16. e3 Qf5 17. Qe2 Qh3 18. Nd2 Rd5 19. Rfc1 Rdh5 20. Nf1 Bd6 21.
Rc2 hxg3 22. fxg3 Qf5 23. Qf2 Qe4 24. Qg2 Qxg2+ 25. Kxg2 f5 26. b4 R8h7 27.
Rf2 Ne7 28. Re1 a5 29. bxa5 Kd7 30. e4 fxe4 31. Rxe4 Rxa5 32. Re3 g5 33. Nd2
Nd5 34. Rd3 Nb6 35. Ne4 Nc4 36. Nf6+ Kc6 37. Nxh7 Nxb2 38. Rxb2 b5 39. Rc2+
Kb6 40. Rcc3 c6 41. Nf6 {#r} 1-0

[Event "22nd Hampstead: Under 2200"]
[Site "London, England"]
[Date "2014.10.26"]
[Round "5"]
[White "Bishop, Geoffrey L"]
[Black "Gladstone, Joel"]
[Result "1-0"]
[WhiteElo "1804"]
[BlackElo "1615"]

1. e4 e6 2. d4 d5 3. Nc3 Bb4 4. exd5 Bxc3+ 5. bxc3 Qxd5 6. Nf3 c5 7. Bd3 c4 8.
Be2 b5 9. Ne5 Qxg2 10. Bf3 Qh3 11. Bxa8 Nf6 12. Ba3 Qxc3+ 13. Qd2 Qxa3 14. O-O
O-O 15. Rfe1 Nbd7 16. Bc6 Nxe5 17. dxe5 Ng4 18. c3 Qc5 19. Be4 g6 20. h4 Qxe5
21. f3 Qc5+ 22. Qd4 Qxd4+ 23. cxd4 Nf6 24. Bc6 b4 25. Rec1 c3 26. a3 bxa3 27.
Rxa3 Rd8 28. Rxa7 Bd7 29. Rxc3 Bxc6 30. Rxc6 Rxd4 31. Rcc7 Nh5 32. Rxf7 Rxh4
33. Rfe7 Rb4 34. Ra8+ {#r} 1-0

[Event "22nd Hampstead: Under 2200"]
[Site "London, England"]
[Date "2014.10.26"]
[Round "5"]
[White "Gribben, Chris"]
[Black "Snook-Lumb, Chris"]
[Result "1-0"]
[WhiteElo "1586"]
[BlackElo "1640"]

1. e4 c5 2. Nf3 d6 3. Bb5+ Bd7 4. Bxd7+ Nxd7 5. c4 Ngf6 6. Nc3 e6 7. O-O Be7
8. b3 a6 9. Re1 Qc7 10. d4 cxd4 11. Nxd4 h5 12. Bb2 Ng4 13. h3 Nge5 14. Nf3 g5
15. Nxe5 Nxe5 16. f3 O-O-O 17. Qe2 Rdg8 18. Rac1 Kb8 19. Rcd1 g4 20. hxg4 hxg4
21. f4 Nf3+ 22. Kf2 Bh4+ 23. g3 Bf6 24. Rh1 Qc5+ 25. Kg2 Qa5 26. Na4 Rxh1 27.
Rxh1 Bxb2 28. Qxb2 Ne1+ 29. Kf1 Nd3 30. Qc3 Qxc3 31. Nxc3 Rg7 32. Ke2 Nc5 33.
Ke3 Kc7 34. Rh5 Kc6 35. Rh8 f6 36. Rh6 Nd7 37. Ne2 Kc5 38. Nd4 Re7 39. Nc2 d5
40. Rh5 f5 41. cxd5 Nf6 42. Rh8 exd5 43. e5 Ne4 44. Rc8+ Kb5 45. Nd4+ Kb6 46.
Nxf5 Re6 47. Rg8 Nf6 48. Rg6 d4+ {#r} 1-0

[Event "22nd Hampstead: Under 2200"]
[Site "London, England"]
[Date "2014.10.26"]
[Round "5"]
[White "Ponting, Andrew"]
[Black "Hinterreither, Nikolai"]
[Result "1/2-1/2"]
[WhiteElo "1891"]
[BlackElo "1652"]

1. d4 d5 2. Nc3 e6 3. e4 dxe4 4. Nxe4 Be7 5. Nf3 Nf6 6. Bd3 Nbd7 7. Ng3 b6 8.
O-O Bb7 9. c4 O-O 10. a3 c5 11. Be3 cxd4 12. Nxd4 Nc5 13. Bc2 Rc8 14. f3 Ncd7
15. Qe2 Ne5 16. b3 Bc5 17. Rfd1 Qe7 18. b4 Bxd4 19. Rxd4 Rfd8 20. Rad1 Rxd4
21. Rxd4 a5 22. Bg5 Ng6 23. Qd2 axb4 24. axb4 Bc6 25. Nh5 Kh8 26. b5 Ba8 27.
Rd7 Qc5+ 28. Be3 Qxh5 29. Rd8+ Rxd8 30. Qxd8+ Ng8 31. Qxa8 Qh4 32. g3 Qxc4 33.
Qc6 Qb4 34. Bxg6 Qe1+ 35. Kg2 Qxe3 36. Bxf7 Qd2+ 37. Kg1 {#d} 1/2-1/2

[Event "22nd Hampstead: Under 2200"]
[Site "London, England"]
[Date "2014.10.26"]
[Round "5"]
[White "Wu, Haotian"]
[Black "Finnegan, Oliver"]
[Result "1-0"]
[WhiteElo "1612"]
[BlackElo "1838"]

1. d4 e6 2. c4 f5 3. Nc3 Nf6 4. Nf3 Be7 5. Bf4 d6 6. g3 O-O 7. Bg2 Nbd7 8. O-O
Nh5 9. Be3 f4 10. Bd2 e5 11. e3 fxg3 12. fxg3 Nhf6 13. Qc2 Qe8 14. Ng5 Qh5 15.
Ne6 Ng4 16. h3 Rxf1+ 17. Rxf1 Ndf6 18. Nxc7 Nh6 19. N3d5 Nxd5 20. Nxd5 Bg5 21.
e4 Bxh3 22. Bxh3 Qxh3 23. Bxg5 Qxg3+ 24. Qg2 Qxg2+ 25. Kxg2 exd4 26. Bxh6 gxh6
27. Rd1 Kf7 28. Rxd4 Rg8+ 29. Kh3 Rg1 30. Nc3 Ke6 31. Rd2 Rh1+ 32. Rh2 Re1 33.
Kh4 Re3 34. Kg4 Rd3 35. Rxh6+ Ke5 36. Rxh7 b6 37. Rh5+ Ke6 38. Rd5 Re3 39. Kf4
Rh3 40. Rd2 Rh4+ 41. Ke3 Rh3+ 42. Kd4 a6 43. Nd5 {#r} 1-0

[Event "22nd Hampstead: Under 2200"]
[Site "London, England"]
[Date "2014.10.26"]
[Round "5"]
[White "Wright, Ashley"]
[Black "Isaksen, Peter A"]
[Result "0-1"]
[WhiteElo "1802"]
[BlackElo "1540"]

1. e4 e5 2. Nf3 Nc6 3. Bb5 Nf6 4. O-O Bc5 5. Re1 d6 6. c3 O-O 7. h3 a6 8. Ba4
b5 9. Bb3 Bb7 10. d4 Bb6 11. d5 Ne7 12. Bg5 Ng6 13. Nbd2 h6 14. Be3 Bxe3 15.
Rxe3 Nf4 16. Nf1 Qd7 17. Nh4 c6 18. dxc6 Bxc6 19. Bc2 Rad8 20. Nf5 Kh7 21. Kh2
Nxg2 22. Rg3 g6 23. Nxh6 Kxh6 24. Rxg2 Nxe4 25. Qc1+ Kg7 26. Qb1 Rh8 27. Kg1
Qxh3 28. Rh2 Qg4+ 29. Rg2 Rh1+ 30. Kxh1 Nxf2+ 31. Kg1 Qxg2# 0-1

[Event "22nd Hampstead: Under 2200"]
[Site "London, England"]
[Date "2014.10.26"]
[Round "5"]
[White "Wen, Jackson"]
[Black "Tombolis, Christopher"]
[Result "1-0"]
[WhiteElo "1703"]
[BlackElo "1487"]

1. e4 c5 2. Nf3 d6 3. d4 cxd4 4. Nxd4 Nf6 5. Nc3 Nc6 6. Be2 e6 7. Be3 Be7 8.
f4 a6 9. O-O O-O 10. Qe1 Ne8 11. Nf3 f5 12. exf5 Rxf5 13. a3 Rf6 14. Bd3 Rf8
15. Qg3 Nf6 16. Ng5 e5 17. Qh4 h6 18. Rad1 e4 19. Ncxe4 Ng4 20. Bc1 hxg5 21.
fxg5 Nh6 22. Qh5 Bg4 23. Qg6 Bf5 24. Rxf5 Nxf5 25. Bc4+ Kh8 26. Qh5+ Nh6 27.
gxh6 g5 28. Nxg5 Bxg5 29. Bxg5 Qd7 30. Qg6 Rae8 31. Bf6+ Rxf6 32. Qxf6+ Kh7
33. Bd3+ Kg8 34. h7+ Qxh7 35. Bxh7+ {#r} 1-0

[Event "22nd Hampstead: Under 2200"]
[Site "London, England"]
[Date "2014.10.26"]
[Round "5"]
[White "Silverman, Clifford"]
[Black "Pepe, Salvatore"]
[Result "0-1"]
[WhiteElo "1585"]
[BlackElo "1694"]

1. d4 g6 2. c4 Bg7 3. Bf4 d6 4. Nf3 c5 5. e3 Nf6 6. h3 cxd4 7. exd4 O-O 8. Nc3
Nc6 9. a3 a6 10. Be2 Re8 11. O-O e5 12. dxe5 Nxe5 13. Nxe5 dxe5 14. Qxd8 Rxd8
15. Bxe5 Be6 16. Rfd1 Ne8 17. Bxg7 Kxg7 18. Rxd8 Rxd8 19. Rd1 Rc8 20. b3 b5
21. Nd5 bxc4 22. bxc4 Rc5 23. Ne3 Ra5 24. Rd3 Nf6 25. f3 Nh5 26. Rc3 Nf4 27.
Kf2 Re5 28. c5 Nxe2 29. Kxe2 f5 30. f4 Re4 31. Kf3 Kf7 32. g4 Ke7 33. c6 Kd8
34. c7+ Kc8 35. g5 a5 36. h4 a4 37. Kg3 Bb3 38. Kf3 Re7 39. Ke2 Rxc7 40. Rxc7+
Kxc7 41. Kd3 Kc6 42. Kd4 Kd6 43. Nc4+ Ke6 44. Ne5 Bd1 45. Nd3 Kd6 46. Ne5 Bb3
47. Nc4+ Ke6 48. Ne3 Ba2 49. Nd1 Bb3 50. Nc3 Bc2 51. Nd5 Bb3 52. Nf6 h6 53.
Nh7 hxg5 54. Nxg5+ Kd6 55. Nf3 Ke6 56. Ne5 Kf6 57. Kc5 Kg7 58. Kd4 Kh6 59. Ke3
Kh5 60. Kf3 Kxh4 61. Nxg6+ Kh5 62. Ne7 Be6 63. Nc6 Bd5+ 64. Kg3 Bxc6 65. Kf2
Kg4 66. Ke3 Be8 67. Kf2 Kxf4 68. Ke1 Ke3 69. Kf1 Kd3 70. Kf2 Kc3 71. Kf3 Kb3
72. Kf4 Bd7 73. Kf3 Kxa3 {#R} 0-1

[Event "22nd Hampstead: Under 2200"]
[Site "London, England"]
[Date "2014.10.26"]
[Round "5"]
[White "Gelain-Sohn, Elias"]
[Black "Nayak, Raghav"]
[Result "0-1"]
[WhiteElo "1412"]
[BlackElo "1690"]

1. e4 e5 2. Nf3 Nc6 3. Bb5 a6 4. Ba4 Nf6 5. O-O Be7 6. Re1 b5 7. Bb3 O-O 8. c3
d5 9. Bc2 dxe4 10. Bxe4 Nxe4 11. Rxe4 Bf5 12. Re1 e4 13. Qc2 Bc5 14. b4 Bb6
15. h3 e3 16. Qxf5 exf2+ 17. Kh1 fxe1=Q+ 18. Nxe1 Nd4 19. Qd3 Qh4 20. Qf1 Rae8
21. Nf3 Nxf3 22. Qxf3 Qe1+ 23. Kh2 Bg1+ 24. Kh1 Bf2+ 25. Kh2 Qg1# 0-1

[Event "22nd Hampstead: Under 2200"]
[Site "London, England"]
[Date "2014.10.26"]
[Round "5"]
[White "Hung, Jake"]
[Black "Seman, Myroslav"]
[Result "1-0"]
[WhiteElo "1683"]
[BlackElo "1479"]

1. c4 g6 2. g3 Bg7 3. Bg2 c6 4. e3 e6 5. Nc3 Ne7 6. Nge2 O-O 7. O-O d5 8. cxd5
exd5 9. d4 Re8 10. b4 a6 11. Bd2 Bg4 12. h3 Be6 13. a4 Qd7 14. Nf4 b6 15. Nxe6
fxe6 16. Qb3 Qd6 17. Rac1 Nd7 18. Ne2 Rab8 19. Qd3 b5 20. axb5 cxb5 21. Ra1
Ra8 22. Nc1 Nb6 23. Nb3 Nc4 24. Ra2 Nc6 25. Nc5 a5 26. bxa5 N6xa5 27. Bxa5
Nxa5 28. Qxb5 Reb8 29. Qe2 Nc4 30. Rfa1 Rxa2 31. Rxa2 Rb1+ 32. Kh2 h5 33. Ra6
Rb6 34. Rxb6 Nxb6 35. Qb5 Kh7 36. Nd3 Nd7 37. Nf4 Kh6 38. Qd3 Nf8 39. h4 Qe7
40. Qe2 Qf6 41. Bh3 Qe7 42. Qa6 Qf6 43. Bxe6 g5 44. hxg5+ Kxg5 45. Nh3+ Kh6
46. Bc8 Ng6 47. Qxf6 Bxf6 48. Bb7 Ne7 49. Nf4 h4 50. Nxd5 Nxd5 51. Bxd5 hxg3+
52. Kxg3 Kg5 53. Kf3 Bg7 54. Ke4 Kf6 55. Bb3 Ke7 56. Kd5 {#r} 1-0

[Event "22nd Hampstead: Under 2200"]
[Site "London, England"]
[Date "2014.10.26"]
[Round "5"]
[White "Potel, Zachary"]
[Black "Misyura, Ilya"]
[Result "0-1"]
[WhiteElo "1412"]
[BlackElo "1666"]

1. e4 e6 2. d4 d5 3. exd5 exd5 4. Nc3 c6 5. Nf3 Bd6 6. Bd3 Ne7 7. O-O Bf5 8.
Re1 Bxd3 9. Qxd3 Nd7 10. Bg5 f6 11. Bd2 Qc7 12. h3 O-O-O 13. a4 h6 14. a5 g5
15. a6 b6 16. Ne2 Rdg8 17. c4 g4 18. hxg4 Rxg4 19. b4 dxc4 20. Qxc4 Rhg8 21.
Ng3 Bxg3 22. fxg3 Qxg3 23. Qe2 Qh3 24. Ng5 hxg5 25. Be3 Rh8 26. Kf1 Qh1+ 27.
Bg1 Rf4+ 28. Qf2 Rxf2+ 29. Kxf2 Qh4+ 30. Ke2 Qe4+ 31. Kf2 Qxd4+ 32. Ke2 Qb2+
33. Kf3 Ne5+ 34. Ke4 Rh4+ 35. g4 Rxg4+ 36. Ke3 Nf5# 0-1

[Event "22nd Hampstead: Under 2200"]
[Site "London, England"]
[Date "2014.10.26"]
[Round "5"]
[White "Ivanov, Elizabeth"]
[Black "Rajesh, Gorak"]
[Result "0-1"]
[WhiteElo "1589"]
[BlackElo "1529"]

1. e4 e5 2. Nf3 Nc6 3. d4 exd4 4. Bc4 Nf6 5. O-O d6 6. Ng5 Ne5 7. Bb3 h6 8. f4
hxg5 9. fxe5 dxe5 10. Bxg5 Be7 11. Nd2 Bg4 12. Nf3 Qd6 13. Bxf6 gxf6 14. Bxf7+
Kxf7 15. Ng5+ Kg6 16. Qxg4 fxg5 17. Qf5+ Kh6 18. Rf3 Raf8 19. Rh3+ Kg7 20. Qg4
Rxh3 21. Qxh3 Qf6 22. Qg3 d3 23. Qxd3 Qb6+ 24. Kh1 Qxb2 25. Rf1 Rxf1+ 26. Qxf1
Qxc2 {#R} 0-1

[Event "22nd Hampstead: Under 2200"]
[Site "London, England"]
[Date "2014.10.26"]
[Round "5"]
[White "Goldberg, Jacob"]
[Black "Covey, Jason"]
[Result "0-1"]
[WhiteElo "1457"]
[BlackElo "1547"]

1. e4 e6 2. d4 d5 3. exd5 exd5 4. Nf3 Nc6 5. Bb5 Bd6 6. Nc3 Nge7 7. O-O O-O 8.
Re1 Bg4 9. Be3 a6 10. Bxc6 Nxc6 11. h3 Be6 12. Ng5 Qf6 13. Nxe6 fxe6 14. Qg4
Nb4 15. Rac1 Rae8 16. a3 Nc6 17. Rcd1 Ne7 18. Re2 Nf5 19. Bg5 Qg6 20. Bc1 Qf7
21. Bf4 Nxd4 22. Rxd4 Bxf4 23. Rd1 c6 24. f3 Bd6 25. Rde1 e5 26. h4 Qf4 27.
Qd7 Bc5+ 28. Kf1 Qxh4 29. Rd2 Qh1+ 30. Ke2 Qxg2+ 31. Kd1 Qxf3+ 32. Rde2 Re7
33. Qxe7 Bxe7 34. Kc1 Bxa3 35. Rxe5 Qxc3 36. Re7 Qxb2+ 37. Kd1 Qb1+ 38. Kd2
Bb4+ 39. c3 Qb2+ {#R} 0-1

[Event "22nd Hampstead: Under 2200"]
[Site "London, England"]
[Date "2014.10.26"]
[Round "5"]
[White "Mospan, Edward"]
[Black "Desai, Nilomi"]
[Result "1-0"]
[WhiteElo "1268"]
[BlackElo "1405"]

1. f4 c6 2. e3 d5 3. Nf3 Bg4 4. Be2 Nf6 5. O-O e6 6. b3 Bd6 7. Bb2 O-O 8. d3
Qb6 9. Qe1 Bxf4 10. Bxf6 Bxe3+ 11. Kh1 gxf6 12. Qg3 f5 13. Ne5 Qc7 14. Qxe3
Bxe2 15. Qxe2 Rd8 16. Rf3 Kf8 17. Rh3 f6 18. Nf3 Rd6 19. Qf2 Na6 20. Qh4 Qe7
21. Nbd2 Nb4 22. Nd4 c5 23. Nb5 Rb6 24. Na3 Ra6 25. c3 Rxa3 26. cxb4 cxb4 27.
Qxh7 Qxh7 28. Rxh7 Kg8 29. Rxb7 Ra6 30. Rxb4 Rc8 31. Nf3 e5 32. Nh4 Rxa2 33.
Rg1 f4 34. Nf5 Kf7 35. Nd6+ Ke6 36. Nxc8 Rc2 37. Nxa7 Rd2 38. Rb6+ Kf5 39. d4
Rxd4 40. Nb5 Rd3 41. h4 Rg3 42. Rf1 Kg4 43. Rxf6 Rxb3 44. Nc7 d4 45. h5 Kxh5
46. Rf5+ Kg4 47. Rxe5 d3 48. Rd5 Rb7 49. Ne6 Rh7+ 50. Kg1 Rh5 51. Rxf4+ Kg3
52. Rxd3# 1-0

[Event "22nd Hampstead: Under 2200"]
[Site "London, England"]
[Date "2014.10.26"]
[Round "5"]
[White "Klingher, Cameron"]
[Black "Hsu, Avril Chloe"]
[Result "1-0"]
[WhiteElo "1405"]
[BlackElo "955"]

1. d4 f5 2. c4 Nf6 3. Nc3 b6 4. Nf3 Bb7 5. Bf4 Nc6 6. Nb5 d6 7. Qa4 e6 8. Ng5
Qe7 9. Rd1 g6 10. d5 exd5 11. cxd5 Nxd5 12. Rxd5 Bg7 13. Qa3 Bf6 14. h4 Qg7
15. Ne6 Qf7 16. Nbxc7+ Kd7 17. Qxd6+ Kc8 18. Nxa8 Re8 19. Qc7+ Qxc7 20. Naxc7
Nb4 21. Nxe8 Nxd5 22. Nxf6 Nxf6 23. e3 Bd5 24. Nd4 Bxa2 25. Ba6+ Kd7 26. O-O
Nd5 27. Rd1 h5 28. Bb5+ Kc8 29. Be8 Kd8 30. Bxg6 a6 31. Bxh5 b5 32. Nxf5 a5
33. Bg6 b4 34. e4 a4 35. Rxd5+ Kc8 36. Ne7+ Kb7 37. h5 a3 38. bxa3 bxa3 39. h6
Bxd5 40. Nxd5 a2 41. Be5 Kc6 42. h7 Kc5 43. h8=Q Kc4 44. Qc8+ Kd3 45. Qc3+ Ke2
46. Nf4+ Kd1 47. Bh5# 1-0